Spon's architects' and builders' price book 2005 (Record no. 103778)

MARC details
000 -LEADER
fixed length control field 01271cam a2200349 4500
001 - CONTROL NUMBER
control field L127413
008 - FIXED-LENGTH DATA ELEMENTS--GENERAL INFORMATION
fixed length control field 040915n2005 000 0 eng u
020 ## - INTERNATIONAL STANDARD BOOK NUMBER
International Standard Book Number 0415348382
022 ## - INTERNATIONAL STANDARD SERIAL NUMBER
International Standard Serial Number 0306-3046
035 ## - SYSTEM CONTROL NUMBER
System control number (Sirsi) u127413
041 ## - LANGUAGE CODE
Language code of text/sound track or separate title eng
050 ## - LIBRARY OF CONGRESS CALL NUMBER
Classification number 692.5
-- 18
245 ## - TITLE STATEMENT
Title Spon's architects' and builders' price book 2005
250 ## - EDITION STATEMENT
Edition statement 130th ed.
260 ## - PUBLICATION, DISTRIBUTION, ETC.
Place of publication, distribution, etc. Abingdon
Name of publisher, distributor, etc. Spon Press
Date of publication, distribution, etc. 2005
300 ## - PHYSICAL DESCRIPTION
Extent xxvi,1017p. ; 25cm.
350 ## - PRICE (NR) (BK AM CF MU VM SE) [OBSOLETE]
Price 120
520 ## - SUMMARY, ETC.
Summary, etc. The latest edition of this detailed, professionally relevant source of construction price information. Part one covers fees and daywork; part two provides rates of wages; part three deals with prices for measured works (major and minor); and part four covers approximate estimating. Tables and memoranda.
520 ## - SUMMARY, ETC.
Summary, etc. There is a separate CD-Rom (L145079) for reference use in the Library.
520 ## - SUMMARY, ETC.
Summary, etc. Superseded by 2006 edition (ISBN 0415370302)
650 ## - SUBJECT ADDED ENTRY--TOPICAL TERM
Topical term or geographic name entry element ARCHITECTS
650 ## - SUBJECT ADDED ENTRY--TOPICAL TERM
Topical term or geographic name entry element BUILDERS
650 ## - SUBJECT ADDED ENTRY--TOPICAL TERM
Topical term or geographic name entry element MINOR WORKS
650 ## - SUBJECT ADDED ENTRY--TOPICAL TERM
Topical term or geographic name entry element MAJOR WORKS
650 ## - SUBJECT ADDED ENTRY--TOPICAL TERM
Topical term or geographic name entry element BUILT ENVIRONMENT-BUILDING COSTS
650 ## - SUBJECT ADDED ENTRY--TOPICAL TERM
Topical term or geographic name entry element BUILDING PRICE BOOKS
650 ## - SUBJECT ADDED ENTRY--TOPICAL TERM
Topical term or geographic name entry element LABOUR COSTS
690 ## - LOCAL SUBJECT ADDED ENTRY--TOPICAL TERM (OCLC, RLIN)
Topical term or geographic name as entry element BUILT ENVIRONMENT-BUILDING COSTS
710 ## - ADDED ENTRY--CORPORATE NAME
Corporate name or jurisdiction name as entry element Davis Langdon
International Standard Serial Number Editor
9 (RLIN) 4649
942 ## - ADDED ENTRY ELEMENTS (KOHA)
Suppress in OPAC 0
Holdings
Withdrawn status Lost status Source of classification or shelving scheme Damaged status Not for loan Home library Current library Shelving location Date acquired Cost, normal purchase price Total Checkouts Full call number Barcode Date last seen Date last checked out Copy number Cost, replacement price Price effective from Koha item type
    Dewey Decimal Classification     London London Basement 19/10/2004 96.90 11 BASEMENT 30069612 06/08/2019 24/06/2008 1 96.90 06/08/2019 Book